000
00320nam a22001337a 4500
008
181020b xxu||||| |||| 00| 0 eng d
020
_a
0683080261
041
_a
eng
080
_a
616-053.2
100
_a
8
101
_a
PED
245
_a
Gait Disorders in Childhood and Adolescence
_c
Sutherland, D.H
942
_2
udc
_c
BK
999
_c
50310
_d
50310